000 00533ntaaa2200205 4500
003 01
005 20251027201742.0
008 0714s1973 ag 01
040 _aAR-BaBN
_bspa
_cAR-BaBN
_eaacr
_dRIC
082 _a239.0000 V71
100 _aVila, Samuel
_93189
245 _aA Dios por el átomo
250 _a1 ed.
260 _aGrand Rapids :
_bClié,
_cs.f.
300 _a64 p
500 _aExtracto del libro "Pruebas tangibles de la existencia de Dios"
650 _aapologética
650 _aDios-existencia
942 _cBK
999 _c12200
_d12200